000 00709nam a2200265Ia 4500
005 20260121165426.0
008 008 260114s9999 xx 000 0 eng d
020 _a9783319539911
037 _aEBOOK
040 _aCRL
040 _beng
040 _cCRL
041 _2eng
041 _aeng
084 _qCRL
100 _aBrandy A. Kennedy, Adam M. Butz, Nazita Lajevardi, Matthew J. Nanes
_91051546
245 0 _aRace and Representative Bureaucracy in American Policing
260 _bSpringer
260 _bSpringer
260 _c2017
856 _uhttps://link.springer.com/openurl?genre=book&isbn=978-3-319-53991-1
942 _cEBOOK
999 _c1617271
_d1617271